=LDR 00000nam 2200000 4500 =001 INLIS000000000013515 =005 20241203085435 =035 ##$$a 0010-061300000013515 =008 241203################g##########0#ind## =041 ##$$a Ind =082 ##$$a 341.77 =090 ##$$a 341.77, Atm p =100 ##$$a Atmasamita, Romli =245 1#$$a Pengantar hukum pidana internasional /$c Prof. Dr Romli Atmasamita, SH,LL.M =260 ##$$a Jakarta :$b Hecca Mitra Utama,$c 2004 =300 ##$$a iii, 261 hlm. ; $c 21 x 14 cm. =650 #4$$a Hukum Pidana Internasional =850 ##$$a NBPNMAT =020 ##$$a 797-98936-0-7 =084 ##$$a 341.77 ATM p =250 ##$$a cet.1 =990 ##$$a 20614043 =990 ##$$a 10408432